LDR 00610naa#a2200169#i#450# 001 EN\\bibl\119628 005 20260514214000.4 011 ## _a2782-4586 100 ## _a20241231b2024####ek#y0engy0150####ca 102 ## _aRU 200 1# _aInstruments for Ensuring Spatial Development of Russia Based on Overcoming Interregional Imbalances _eJournal article 210 1# _aMoscow _cITBO University _d2024 215 ## _a6 с. 608 ## _aJournal article _2local 675 ## _aЭкономические науки в целом. Политическая экономия. 330 _z 700 #1 _aTimofeeva _gElena Aleksandrovna 856 4# _ajomeam.ru _u